000 00345nam a2200157Ia 4500
008 210210b1932 xxu||||| |||| 00| 0 eng d
041 _aeng
082 _a881/62
100 _aKSHAMA ROW
245 _aSatyagraha gita
260 _aParis
_b-
_c1932
650 _aSatyagraha
650 _agita
690 _aSanskrit Poetry
906 _a024233
999 _c149631
_d149631